| 000 | 00917cam a2200253 4500 | ||
|---|---|---|---|
| 001 | sa 68020610 | ||
| 003 | DLC | ||
| 005 | 20260227112726.0 | ||
| 008 | 740812s1967 io f00000 eng | ||
| 010 | _asa 68020610 //r85 | ||
| 025 | _aPL480:Indo-S-747 | ||
| 041 | 0 | _aengind | |
| 043 | _aa-io--- | ||
| 050 | 0 |
_aHC450.I5 _bI55 1967 |
|
| 082 | _a339.2/09598 | ||
| 110 | 1 | 0 |
_aIndonesia. _bPusat Penelitian dan Perkembangan. _bStatistik. |
| 245 | 1 | 0 |
_aPendapatan nasional Indonesia, 1960-1964, menurut lapangan usaha. _cNational income of Indonesia, by industrial origin. |
| 260 | 0 |
_aDjakarta, _bStatistical Research and Development Centre, Central Bureau of Statistics, _c1967. |
|
| 300 |
_avii, 100 p. _c31 cm. |
||
| 490 | 1 | _aPublikasi 2 | |
| 650 | 0 |
_aNational income _zIndonesia. |
|
| 740 | 1 | _aNational income of Indonesia. | |
| 830 | 0 |
_aPublikasi (Indonesia. Pusat Penelitian dan Perkembangan Statistik) ; _v2. |
|
| 999 |
_c89523 _d89523 |
||